Score 0/12 Timer 10:00
0 Plays Today
Length (km) River % Correct
720 Qu
100%
423 Qing
44.7%
122 Qian
26.3%
177Quinn
15.8%
375 Quinto
15.8%
459 Qiantang
7.9%
430 Qu'Appelle
5.3%
291 Qingyi (Anhui)
5.3%
276 Qingyi (Sichuan)
5.3%
203Quesnel
5.3%
370Quoich
2.6%
182 Quetana
2.6%
Come Together.
Have Fun.
All Virtual.
We all need to come together. Play Sporcle's virtual live trivia to have fun, connect with people, and get your trivia on. Join a live hosted trivia game for your favorite pub trivia experience done virtually. If a virtual private party is more your thing, go here for details.

You're not logged in!

Compare scores with friends on all Sporcle quizzes.
OR
Log In

Sporcle TV

Today on Sporcle TV


Watch our educational content, quiz creation guides, and fun videos on Sporcle TV.

Show Comments

Extras

Top Quizzes Today


Score Distribution

Paid Content

Your Account Isn't Verified!

In order to create a playlist on Sporcle, you need to verify the email address you used during registration. Go to your Sporcle Settings to finish the process.

Report this User

Report this user for behavior that violates our Community Guidelines.

Details: